000 01289cam a2200301 a 4500
001 1654534
005 20170105102346.0
008 970723s1997 nyua b 001 0 eng
010 _a 97035774
020 _a047155894X (cloth : alk. paper)
040 _aDLC
_cDLC
_dDLC
050 0 0 _aQA402.5
_b.C54523 1998
082 0 0 _a519.76
_221
245 0 0 _aCombinatorial optimization
_cWilliam J. Cook
260 _aNew York :
_bWiley,
_cc1998.
300 _ax, 355 p. :
_bill. ;
_c25 cm.
440 0 _aWiley-Interscience series in discrete mathematics and optimization
500 _a"A Wiley-Interscience publication."
504 _aIncludes bibliographical references (p. 337-346) and index.
650 0 _aCombinatorial optimization.
700 1 _aCook, William,
_d1957-
856 4 2 _3Contributor biographical information
_uhttp://www.loc.gov/catdir/bios/wiley041/97035774.html
856 4 2 _3Publisher description
_uhttp://www.loc.gov/catdir/description/wiley032/97035774.html
856 4 _3Table of Contents
_uhttp://www.loc.gov/catdir/toc/onix02/97035774.html
906 _a7
_bcbc
_corignew
_d1
_eocip
_f19
_gy-gencatlg
942 _2ddc
_cBK
999 _c11692
_d11692